Disco Elysium NPCs by picture - Statistics

General Stats
  • This quiz has been taken 3 times
  • The average score is 12 of 48
Answer Stats
Picture Answer % Correct
Dolores Dei/Dora Ingerlund
100%
Harry DuBois
100%
Kim Kitsuragi
100%
Klaasje Amandou
100%
Smoker on the Balcony
100%
Andre
50%
Call Me Mañana
50%
Cuno
50%
Cunoesse
50%
Egg Head
50%
Insulindian Phasmid
50%
Jean Vicquemare
50%
Joyce Messier
50%
Lawrence Garte
50%
Lena, the Cryptozoologist's wife
50%
Novelty Dicemaker/Neha
50%
René Arnoux
50%
Ruby, the Instigator
50%
Titus Hardie
50%
Acele
0%
Alice DeMettrie
0%
Annette
0%
Billie Méjean
0%
Cindy the Skull
0%
Easy Leo
0%
Elizabeth Beaufort
0%
Evrart Claire
0%
Gary, the Cryptofascist
0%
Gaston Martin
0%
Idiot Doom Spiral
0%
Judit Minot
0%
Jules Pidieu
0%
Kras Mazov
0%
Lilienne, the Net Picker
0%
Measurehead
0%
Morell, the Cryptozoologist
0%
Noid
0%
Plaisance
0%
Siileng
0%
Soona, the Programmer
0%
Steban, the Student Communist
0%
Sunday Friend
0%
The Deserter
0%
The Hanged Man
0%
Tiago
0%
Tommy Le Homme
0%
Trant Heidelstam
0%
Washerwoman
0%
No matching quizzes found
Score Distribution
Percent of People with Each Score
Percentile by Number Answered
Your Score History
You have not taken this quiz